LEADER 01211nam a2200253 i 4500 001 000000150739 003 CaOOAMICUS 005 20250910125419.0 008 060608s2004 it u000 u ita u 040 $aSeMil$bita 110 2 $aCaritas Ambrosiana : Osservatorio diocesano delle povertà e delle risorse.$0(OLS)http://semarc/name/60736 245 10$aTerzo rapporto sulle povertà nella diocesi di Milano /$cCaritas Ambrosiana ; in collaborazione con Fondazione Luigi Moneta. 264 1$aMilano :$bOltre :$bIn dialogo,$c2004. 300 $a157 p. :$btabelle ;$c21 cm. 490 1 $aQuaderni Caritas 650 4$aMilano (Arcidiocesi) - Povertà - Statistiche.$0(OLS)http://semarc/subject/21277 710 2 $aFondazione Luigi Moneta .$0(OLS)http://semarc/name/15009 830 0$aQuaderni Caritas.$0(OLS)http://semarc/title/18667 850 $aSeMil 852 $aSeMil$W1$xVenegono$y1$m3YY II 4/3$j261668$B102822$CSeMilBibl$Z2$F112061 $81 961 $aOmaggio: Caritas Ambrosiana 996 $6245$aTerzo rapporto sulle povertà nella diocesi di Milano$9(OLS)http://semarc/title/220342 996 $6264$aMilano :$bOltre :$bIn dialogo$9(OLS)http://semarc/publisher/62311 LEADER 01121nam a2200193 i 4500 001 000000257533 003 CaOOAMICUS 005 20180305000000.0 008 180305s1881 it u000 u ita u 013 $a236441 040 $aSeMil$bita 245 10$aMemoria seconda :$bosservazioni dell'opposizione 1879-1880. 300 $a109 p., 6 c. di tav. ;$c31 cm. 490 0 $aReale Accademia dei Lincei ;$vAnno278. (1880-81) 773 0 $aSchiaparelli, Giovanni Virginio <1835-1910>$tOsservazioni astronomiche e fisiche sull'asse di rotazione e sulla topografia del pianeta Marte fatte nella Specola Reale di Brera in Milano coll'equatoriale di Merz durante l'opposizione del 1877.$dRoma : Coi tipi del Salviucci : [poi]... Tipografia della R. Accademia dei Lincei, 1878-1886.$kReale Accademia dei Lincei$g2$w()4689 830 0$aReale Accademia dei Lincei ;$vAnno278. (1880-81).$0(OLS)http://semarc/title/401994 850 $aSeMil 852 $aSeMil$W1$xVenegono$y1$m3W VI 24 FA$j207879$B207879$CSeMilBibl$Z2$F221423 $8I 996 $6245$aMemoria seconda :$bosservazioni dell'opposizione 1879-1880$9(OLS)http://semarc/title/412891